[Event "Budapest Honved"]
[Site "Budapest"]
[Date "1991.??.??"]
[Round "?"]
[White "Baburin, Alexander"]
[Black "Schlosser, Philipp"]
[Result "1-0"]
[WhiteElo "2480"]
[BlackElo "2485"]
[Annotator "Ftacnik,L"]
[PlyCount "53"]
[EventDate "1991.??.??"]
[EventType "tourn"]
[EventRounds "11"]
[EventCountry "HUN"]
[EventCategory "9"]
[SourceTitle "CBM 027"]
[Source "ChessBase"]
[SourceDate "1992.04.01"]
[SourceVersion "1"]
[SourceVersionDate "1992.04.01"]
[SourceQuality "1"]

1. d4 Nf6 2. c4 e6 3. Nc3 Bb4 4. Qc2 O-O 5. a3 Bxc3+ 6. Qxc3 b6 7. Bg5 Bb7 8.
e3 h6 9. Bh4 d6 10. f3 Nbd7 11. Bd3 c5 12. Ne2 Rc8 13. Qd2 cxd4 14. exd4 Ba6
15. Rc1 d5 16. cxd5 Bxd3 17. dxe6 Bxe2 18. Rxc8 Qxc8 19. exd7 Qxd7 20. Kxe2 Nd5
$6 {N} (20... g5 21. Bg3 Re8+ 22. Be5 (22. Kd1 Rc8 23. Qd3 Qd5 24. Kd2 Qa2 25.
Qb1 Qd5 $10 {Flear,G-Drasko,M/Aosta op/1989/}) 22... Qd5 (22... Nh5 23. Kd1 Rd8
24. h4 f6 25. hxg5 $16 {Hansen,C-Lukacs,P/Roma/1988/}) 23. Rd1 Nd7 24. Kf2 Nxe5
25. dxe5 Qxe5 26. Re1 $10 {Lokator,E-Brodsky,M/URS-chTJ Kramatorsk/1989/}) 21.
Re1 Rc8 22. Kf1 Qf5 23. Re5 Qb1+ 24. Be1 Rc2 $2 (24... Nf6 $14) 25. Re8+ Kh7
26. Qd3+ g6 27. Qb3 $1 {Ftacnik,L} (27. Qb3 $1 Qd1 28. Qxd5 Qd3+ 29. Kg1 $18)
1-0

[Event "Hoogovens"]
[Site "Wijk aan Zee"]
[Date "1992.01.??"]
[Round "6"]
[White "Seirawan, Yasser"]
[Black "Sax, Gyula"]
[Result "1/2-1/2"]
[WhiteElo "2600"]
[BlackElo "2600"]
[Annotator "Ftacnik,L"]
[PlyCount "92"]
[EventDate "1992.01.??"]
[EventType "tourn"]
[EventRounds "13"]
[EventCountry "NED"]
[EventCategory "14"]
[SourceTitle "CBM 028"]
[Source "ChessBase"]
[SourceDate "1992.06.01"]
[SourceVersion "1"]
[SourceVersionDate "1992.06.01"]
[SourceQuality "1"]

1. d4 Nf6 2. c4 e6 3. Nc3 Bb4 4. Qc2 O-O 5. a3 Bxc3+ 6. Qxc3 d6 7. Bg5 Nbd7 8.
f3 d5 (8... c5 9. dxc5 dxc5 $14 {Seirawan,Y-Petrosian,T/Niksic/1983/}) 9. e3
Re8 10. cxd5 (10. Nh3 h6 11. Bh4 c6 12. cxd5 exd5 13. Bf2 c5 14. Nf4 cxd4 15.
Qxd4 Qa5+ 16. b4 Qb6 17. Qd2 a5 $132 {Kasparov,G-Sax,G/Reykjavik WCup/1988/})
10... exd5 11. Bh4 $5 (11. Ne2 c6 12. Bh4 $1 Ne4 13. Bxd8 Nxc3 14. Nxc3 Rxd8
15. Bd3 $14) 11... Qe7 12. Bf2 c5 $1 13. Ne2 b6 14. Ng3 cxd4 15. Qxd4 Nc5 16.
Rd1 Bd7 $1 17. b4 Ne6 (17... Ba4 18. bxc5 Bxd1 19. Qxd1 Qxc5 20. Be2 Qxa3 $13)
18. Qb2 Ba4 19. Rd2 Rac8 20. Be2 Qd7 $6 (20... Qc7 21. O-O Qc3 22. Ra1 $1 Qxb2
23. Rxb2 Rc3 24. Nf1 Rec8 25. Be1 R3c7 26. Bg3 $14) 21. O-O Rc7 22. Nf5 (22.
Ne4 Nxe4 23. fxe4 Ng5 24. Rxd5 Qe7 25. Bh4 Nh3+ $1) 22... Rec8 23. Qe5 $2 (23.
Ba6 $1 Re8 (23... Rc2 $2 24. Bxc8 Rxb2 25. Bxd7 Rxd2 26. Bxa4 $18) 24. Bg3 Rc6
25. Bd3 $16) 23... Rc2 24. Rxc2 Rxc2 25. Re1 Qc7 26. Qxc7 Rxc7 27. Ra1 $2 (27.
Bg3 $1 Rc3 28. Ra1 $16) 27... Bc2 28. g4 $6 (28. Nd6 $1 Ba4 29. Bb5 Bb3 30. Bf1
Ba4 31. Nb5 $16) 28... g6 29. Nd6 Ba4 30. h4 Rc3 31. Bb5 Bb3 32. Bf1 d4 $2 (
32... Bc4 33. Nxc4 dxc4 34. Be1 Rc2 (34... Rxe3 35. Kf2) 35. Rd1 $36) 33. Nb5
Rc2 34. Nxd4 Nxd4 35. exd4 Bd5 36. Bg2 Rc3 37. g5 $2 (37. Be1 Rc2 (37... Rd3
38. Kf2 $16) 38. Bh1 $1 {Bg3-e5}) 37... Nh5 38. a4 Nf4 39. Bf1 Rxf3 40. Re1
Nh3+ 41. Bxh3 Rxh3 42. Re8+ Kg7 43. Be1 $2 (43. Kf1 $1 $14) 43... Rh1+ 44. Kf2
Rxh4 45. Kg3 $1 (45. Rd8 Rf4+ 46. Ke3 Rf5 $17) 45... Rh1 (45... Re4 46. Rxe4
Bxe4 47. Kf4 Bc2 48. a5 f6 49. gxf6+ Kxf6 50. Bh4+ Ke6 51. axb6 axb6 52. Kg5
$10) 46. Re5 Rf1 {Ftacnik,L} 1/2-1/2

[Event "Rimavska Sobota"]
[Site "Rimavska Sobota"]
[Date "1991.??.??"]
[Round "10"]
[White "Hracek, Zbynek"]
[Black "Lutz, Christopher"]
[Result "0-1"]
[WhiteElo "2485"]
[BlackElo "2500"]
[Annotator "Ftacnik,L"]
[PlyCount "92"]
[EventDate "1991.05.??"]
[EventType "tourn"]
[EventRounds "13"]
[EventCountry "CSR"]
[EventCategory "9"]
[SourceTitle "CBM 024"]
[Source "ChessBase"]
[SourceDate "1991.10.01"]
[SourceVersion "1"]
[SourceVersionDate "1991.10.01"]
[SourceQuality "1"]

1. d4 Nf6 2. c4 e6 3. Nc3 Bb4 4. Qc2 O-O 5. a3 Bxc3+ 6. Qxc3 b6 7. Bg5 Bb7 8.
f3 h6 9. Bh4 d5 10. e3 Nbd7 11. Nh3 Qe7 12. cxd5 exd5 13. Be2 Rfe8 14. Bf2 c5
15. O-O c4 16. b3 b5 17. Rfe1 $6 (17. Rfb1 Nb6 18. bxc4 bxc4 $13 {
Alexandria-Maric,A/Genting Highlands izt/1990/}) 17... Nb6 18. bxc4 bxc4 19.
Bd1 Bc6 20. Nf4 (20. Bh4 Ne4 $1) 20... Qd7 21. Rb1 Ba4 22. Bxa4 Nxa4 23. Qa5
Rab8 24. Rb4 Rxb4 25. Qxb4 g5 $6 26. Ne2 Re6 27. Qb8+ Kg7 28. Ng3 $2 (28. h4 $1
Rb6 29. Qe5 Kg6 30. hxg5 hxg5 31. Ng3 $40) 28... Rb6 29. Qe5 Kg6 $1 (29... Qe6
30. Nh5+ Kg6 31. Nxf6 Qxf6 32. Qxd5) 30. Ne2 (30. h4 Nb2 $1 31. hxg5 Nd3) (30.
f4 Nb2 31. fxg5 Nd3) (30. e4 Nb2 31. Qf5+ Qxf5 32. exf5+ Kg7 $17) 30... Nb2 31.
Qg3 Nd3 32. Nf4+ Nxf4 33. exf4 Nh5 34. f5+ Qxf5 35. Qc7 Nf6 36. Qxa7 Rb2 37.
Qe7 Qc2 (37... Ng4 38. Bg3 (38. Rf1 Nxf2 39. Rxf2 c3) (38. Qf8 Nxf2 39. Qg8+
Kh5 40. Rf1 Qf4 $19) 38... Qc2 39. Re6+ fxe6 40. Qe8+ Kf5 41. fxg4+ Ke4 $17)
38. Rf1 c3 39. Qe3 Rb1 40. Be1 Rb3 41. a4 Qb2 42. Bf2 c2 43. Qd2 Ra3 44. a5 Nh5
45. Be3 Rxe3 $1 46. Qxe3 Nf4 {Ftacnik,L} 0-1

[Event "URS-ch U26"]
[Site "Minsk"]
[Date "1990.??.??"]
[Round "?"]
[White "Khenkin, Igor"]
[Black "Ulybin, Mikhail"]
[Result "1-0"]
[WhiteElo "2450"]
[BlackElo "2500"]
[Annotator "Ftacnik,L"]
[PlyCount "85"]
[EventDate "1990.01.??"]
[EventType "tourn"]
[EventRounds "13"]
[EventCountry "URS"]
[EventCategory "10"]
[SourceTitle "CBM 017"]
[Source "ChessBase"]
[SourceDate "1990.08.01"]
[SourceVersion "1"]
[SourceVersionDate "1990.08.01"]
[SourceQuality "1"]

1. d4 e6 2. c4 Nf6 3. Nc3 Bb4 4. Qc2 O-O 5. a3 Bxc3+ 6. Qxc3 b6 7. Bg5 Bb7 8.
f3 h6 9. Bh4 d5 10. e3 Nbd7 11. Nh3 c5 12. cxd5 Nxd5 $1 13. Bxd8 Nxc3 14. Be7 (
14. bxc3 Rfxd8 {/\ e5=}) 14... Rfe8 15. Bh4 Nd5 16. Bb5 g5 $1 (16... Nxe3 $2
17. Kf2 $1 (17. Bxd7 Nxg2+ 18. Kf2 Nxh4 19. Bxe8 Rxe8 $15) 17... Nf5 18. Bxd7
Nxh4 19. Bxe8 Rxe8 20. dxc5 $18) 17. Bxd7 (17. Bf2 Red8 18. e4 N5f6 19. O-O-O
Rac8 20. dxc5 Nxc5 21. Rxd8+ Rxd8 22. Bxc5 Rc8 23. b4 bxc5 24. Kd2 cxb4 25.
axb4 Nxe4+ $5 26. fxe4 Bxe4 $44 {Shabalov,A-Ulibin,M/Minsk/1990/ ->CBM 17})
17... Red8 18. Bf2 Rxd7 19. dxc5 (19. e4 g4 $1 20. exd5 (20. fxg4 Nf6) 20...
gxh3 21. dxe6 Re8 22. O-O Rxe6) 19... bxc5 20. Rc1 (20. e4 g4 $1) 20... Ba6 $1
21. e4 (21. Rxc5 Rad8 22. Rc1 Nb6 {/\ Rd2}) 21... Nb6 22. Bxc5 Na4 23. Nf2 (23.
b4 Rd3 24. Nf2 Rxa3 25. b5 Nxc5 26. Rxc5 Ra5 $17) 23... Nxb2 24. Bb4 f5 25. h4
g4 26. fxg4 fxe4 27. Rh3 Rf7 28. Rc2 Nd3+ 29. Nxd3 exd3 30. Rc6 Rf1+ 31. Kxf1 (
31. Kd2 Rf2+ 32. Kd1 Bb5 33. Rxe6 Rc8 {/\ Ba4-+}) 31... d2+ 32. Rxa6 d1=Q+ 33.
Kf2 Qc2+ 34. Kg1 Qc4 35. Ra5 Rd8 36. Rf3 Qxg4 37. Kh2 $1 Qxh4+ 38. Rh3 Qd4 39.
Bc5 Qf4+ $2 (39... Qe5+ $1 40. Rg3+ Kh8 41. Be7 (41. Bb4 Rd5 42. Rxa7 Rd3 43.
Ra8+ Kh7 44. Ra7+ $10) 41... Rd5 (41... Qxa5 $2 42. Bf6+ Kh7 43. Rg7+ Kh8 44.
Rg5+ $18) 42. Rxa7 Rd3 43. Bf6+ $1 Qxf6 44. Ra8+ Kh7 45. Ra7+ $10) 40. Rg3+ Kh8
41. Be3 $1 Qd6 (41... Qh4+ 42. Rh3 Qe4 43. Rg5 Qh7 44. Rgg3 h5 45. Rg5 h4 46.
Rg4 $18) 42. Rh5 Rd7 43. Bxh6 {Ftacnik,L} (43. Bxh6 Rh7 44. Bg7+ Kg8 45. Be5+
$18) 1-0

[Event "Halle DSV International-04"]
[Site "Halle/Saale"]
[Date "1981.06.28"]
[Round "12"]
[White "Chekhov, Valery A"]
[Black "Tischbierek, Raj"]
[Result "1-0"]
[WhiteElo "2435"]
[BlackElo "2380"]
[Annotator "Gagarin,V"]
[PlyCount "79"]
[EventDate "1981.06.16"]
[EventType "tourn"]
[EventRounds "13"]
[EventCountry "DDR"]
[EventCategory "8"]
[SourceTitle "MCL"]
[Source "ChessBase"]
[SourceDate "1999.07.01"]
[SourceVersion "1"]
[SourceVersionDate "1999.07.01"]
[SourceQuality "1"]

1. d4 Nf6 2. c4 e6 3. Nc3 Bb4 4. Qc2 O-O 5. a3 Bxc3+ 6. Qxc3 b6 7. Nf3 Bb7 8.
b4 d6 (8... a5) 9. Bb2 Nbd7 10. e3 Ne4 (10... Qe7) (10... c5) 11. Qc2 f5 12.
Bd3 (12. Be2 Ng5 $1) 12... Ndf6 (12... Ng5 13. d5 $1 Nxf3+ 14. gxf3 Ne5 15.
O-O-O Nxd3+ (15... Nxf3 16. dxe6 Qg5 17. h4 Qg4 18. Be2 $16 {/\ Rhg1}) 16. Qxd3
e5 17. f4 $16) (12... Qe8 13. O-O Qh5 (13... Qg6 14. Ne1 $1 Qg5 15. d5 exd5 16.
cxd5 Bxd5 17. Qxc7 $16) 14. d5 exd5 15. cxd5 Bxd5 16. Qxc7 Ng5 17. Nd2 $16 {
Farago}) (12... c5 13. O-O Qe7 (13... Rc8 14. Nd2 $14) 14. Nd2 $14) 13. O-O Qe8
(13... Ng4 14. h3 Ngf6 15. Nd2 Nxd2 (15... Ng5 $5 16. f3 Qe8 17. h4 Nf7 18. e4
Nh6 19. exf5 exf5 20. Rfe1 Qh5 $36 {>< h4 Ker,A-Chandler,M/Wellington/1988/0:1
(36)/}) 16. Qxd2 Ne4 17. Qc1 Qg5 18. f3 Ng3 19. Rf2 Rae8 (19... Rf6 20. Kh2
Raf8 21. c5 $1 $14 {Saeed,SA-Sisniega,M/Taxco izt/1985/1:0/52/}) 20. Kh2 Nh5 (
20... f4 21. e4 $13 {Ree}) 21. Rc2 c5 22. bxc5 dxc5 23. dxc5 bxc5 24. f4 $1 $14
{Ree,H-Tarjan,J/Luzern ol/1982/1/2-1/2/38/}) 14. Nd2 (14. Ne1 Ng4 15. Qe2 Ngf6
16. f3 Ng5 17. d5 Qh5 18. Nc2 exd5 19. Bxf5 Rae8 20. Rad1 Ne6 21. Bxe6+ Rxe6
$15 {Ree,H-Goldin,A/Palma de Mallorca/1989/0:1/28/}) 14... Nxd2 (14... Ng5 15.
f3 $14 (15. d5 $5)) (14... c5 15. f3 Nxd2 16. Qxd2 $14) 15. Qxd2 Be4 16. Be2 $1
{^^} Bb7 17. Bd3 (17. f3 $14) 17... Be4 18. Be2 Bb7 19. f3 $14 Qe7 (19... e5 $6
20. dxe5 dxe5 21. Qc3 $14) 20. Qc2 {/\ d5!} g6 $2 {>< /^a1-h8} (20... Nd7 $5
21. Bd3 Rf7 $14) 21. Qc3 $1 $16 a5 22. Bd3 Rfe8 $6 23. Rae1 d5 $2 (23... e5 $5
24. dxe5 dxe5 25. Bc2 $16 (25. f4 $2 Ne4 26. Bxe4 Bxe4 27. Qxe5 Qxe5 28. Bxe5
axb4 29. axb4 Bd3 30. Rf2 Bxc4 31. Bxc7 b5 $14)) 24. c5 bxc5 $6 25. dxc5 $1 e5
26. c6 $1 Bc8 27. b5 {>< Bc8} Qg7 28. a4 $1 {>< a5} g5 $6 29. Bc2 g4 $6 30. f4
$1 $18 g3 31. h3 Ng4 (31... Ne4 32. Qb3 $18) 32. fxe5 (32. hxg4 $4 Qh6 $19)
32... Nf2 (32... Nxe5 33. Bxf5 $18) 33. e6 $1 Qxc3 $8 34. Bxc3 Rxe6 (34... Bxe6
35. Be5 Rac8 36. Bxg3 Ne4 37. Bf4 $18 {^^ ><a5,c7}) 35. Bxf5 Re7 36. Bc2 Be6
37. Bf6 Rf7 38. Be5 d4 (38... Ne4 39. Rxf7 Bxf7 40. Bxc7 $18) 39. exd4 Bc4 40.
Bxg3 (40. Bxg3 Bxf1 41. Rxf1 $18) 1-0

[Event "Dos Hermanas"]
[Site "Dos Hermanas"]
[Date "1995.??.??"]
[Round "2"]
[White "Lautier, Joel"]
[Black "Gelfand, Boris"]
[Result "0-1"]
[WhiteElo "2655"]
[BlackElo "2700"]
[Annotator "Gelfand,B"]
[PlyCount "146"]
[EventDate "1995.04.??"]
[EventType "tourn"]
[EventRounds "9"]
[EventCountry "ESP"]
[EventCategory "18"]
[SourceTitle "CBM 047"]
[Source "ChessBase"]
[SourceDate "1995.08.01"]
[SourceVersion "1"]
[SourceVersionDate "1995.08.01"]
[SourceQuality "1"]

1. d4 {Dautov  Tischbierek} Nf6 2. c4 e6 3. Nc3 Bb4 4. Qc2 O-O 5. a3 Bxc3+ 6.
Qxc3 b6 7. Bg5 Bb7 8. f3 h6 9. Bh4 d5 10. e3 c5 11. dxc5 bxc5 12. Bxf6 (12.
cxd5 $5 {Dautov} g5 (12... exd5 13. Qxc5 Nc6 $44 {Luther}) 13. Bf2 Nxd5 14. Qd2
Qf6 15. h4 $13) 12... Qxf6 13. Qxf6 gxf6 14. Rc1 Nd7 15. cxd5 Bxd5 16. Ne2 $6
$146 {N} (16. Bb5 {Dautov} Rfd8 (16... Ne5 $142 $1 {Luther}) 17. Ne2 Rab8 18.
a4 a6 19. Bxa6 Rxb2 20. O-O Bc6 21. Nc3 Nb8 $10 22. Rfd1 Rxd1+ 23. Nxd1 Rb4 24.
Rxc5 {1/2-1/2 Bareev,E-Luther,Th/Tilburg 1994}) 16... Rab8 17. Rc2 (17. e4 Bb3
(17... Bc6 {Dautov} 18. Rc2 Rb6) 18. Nc3 Rfd8 19. Be2 Ne5 $15) 17... Rb6 {><b2}
18. Nc3 (18. Kd2 {Dautov} Bb3 19. Rc3 Ba4 20. Kc1 Rfb8 $17) 18... Rfb8 19. Nd1
(19. Na4 Rb3 20. e4 Bc6 21. Nxc5 Rxb2 $17) 19... Bb3 $6 (19... f5 $1 20. Rd2 (
20. Bc4 Bc6) (20. Be2 Bb3 21. Rd2 Bxd1 22. Bxd1 Ne5 23. b3 c4 $17) 20... Ne5 (
20... Kf8) 21. Be2 Bc4) 20. Rd2 Bxd1 (20... Ne5 $1 {Dautov} 21. Nc3 Bc4 $15)
21. Kxd1 Ne5 (21... Rxb2 22. Rxd7 Ra2 23. Ke1 $1 $10 (23. Rd2 Rb1+ 24. Ke2 Rxa3
$17)) 22. Kc1 c4 {/\c3} 23. Rc2 a5 (23... c3 $2 {Dautov} 24. b4 $13) 24. a4 $4
{Tischbierek: Beide Spielere dachten, daß 24...c3 droht, worauf jedoch 25.R:c3
R:b2 26.Rc8+! möglich ist. Mit dem Textzug plante Lautier, 24...c3 mit 25.Bb5
zu beantworten. /\24...c3 25.Bb5 Tischbierek: Beide Spielere dachten, daß 24...
c3 droht, worauf jedoch 25.R:c3 R:b2 26.Rc8+! möglich ist. Mit dem Textzug
plante Lautier, 24...c3 mit 25.Bb5 zu beantworten.} (24. Be2 c3 25. Rxc3 Rxb2
26. Rc8+ $1) (24. Bxc4 Nxc4 25. Rxc4 Rxb2 26. Rc8+ $10 (26. Rc8+ {Dautov} Rxc8+
27. Kxb2 a4 28. Rd1 Rb8+ 29. Kc2 Rc8+ $10)) (24. f4 Ng4) 24... Rb4 $19 {
-/+ Dautov} (24... c3 $2 25. Bb5) 25. Be2 Rxa4 26. Kb1 Rab4 27. Ka1 Rb3 28. f4
(28. e4 $142 $5 {Dautov}) 28... Nd3 (28... Nc6 29. Rxc4 Rxe3 30. Bh5 $17) 29.
Bxd3 cxd3 30. Rd2 e5 $1 31. e4 R8b4 32. Re1 Rd4 {-+ Dautov} (32... f5 $6 {
Dautov} 33. exf5 e4 34. g4 $15) 33. f5 h5 (33... Kf8 $5 {Dautov} 34. Re3 Ke7
35. Ka2 a4 36. g4 Kd6 $19 {/\Kc5, Rd8, Kd4 /\Kc5, Rd8, Kd4}) 34. Re3 Kg7 35. g3
Kh6 (35... Kf8 36. Ka2 a4 $19) 36. h4 Kg7 {><g3 ><g3} 37. Ka2 Rbb4 $2 $138 (
37... a4 $1 $19) 38. Rdxd3 (38. Ka3 $5) 38... Rxd3 39. Rxd3 Rxe4 40. Ka3 Re2
41. b3 (41. Rf3 Kf8 42. b4 axb4+ 43. Kxb4 Ke7 $17) 41... Rf2 42. Ka4 Rxf5 43.
Re3 Kg6 (43... e4 44. Rxe4 Rf3 45. g4 (45. Kxa5 Rxb3 46. g4 f5 $1 $19) 45... f5
$17) 44. Kxa5 e4+ 45. Kb4 (45. Ka6 Rf3 $19) (45. Ka4 Re5 46. b4 f5 47. b5 Re8
48. b6 f4 49. gxf4 Kf5 50. Re1 e3 51. b7 Kxf4 $19) 45... Re5 46. Kc4 Re8 47. b4
f5 (47... Kf5 {loses a tempo}) 48. Kd4 (48. b5 f4 49. gxf4 Kf5) 48... Rd8+ $1
49. Kc4 (49. Ke5 f6+ (49... Rb8 50. Rb3 e3 51. Rxe3 Rxb4 52. Rf3 Re4+ 53. Kd5
$10) 50. Kf4 Rd1 51. Rc3 Rb1 $19) 49... Kf6 50. b5 Ke5 51. b6 (51. Re1 Rc8+ 52.
Kb4 Kd4 $19) 51... f4 52. gxf4+ Kxf4 53. Re1 f5 54. b7 (54. Rf1+ Kg4 55. Rg1+
Kxh4 56. b7 f4 57. Rd1 (57. Rb1 Rb8 58. Kd4 e3 59. Kd3 Kg3 60. Ke2 f3+ 61. Kxe3
Re8+ 62. Kd2 f2 $19) 57... Rb8 $19) 54... e3 $1 (54... Kg3 {Dautov} 55. Rb1 $1
Rb8 56. Kd4 Kxh4 57. Ke3 $1 Kg5 58. Rg1+ Kf6 59. Rb1 h4 60. Kf4 $15) 55. Rd1 (
55. Rb1 e2 $19) 55... Rb8 (55... Re8 56. Kd3 e2 57. b8=Q+ $1 Rxb8 58. Kxe2 $10)
56. Kd3 Rxb7 57. Rf1+ Kg3 58. Rxf5 (58. Kxe3 Re7+ 59. Kd2 f4 $19) 58... Re7 59.
Ke2 Kxh4 60. Rf3 (60. Rf1 Kg3 61. Rf3+ Kg4 62. Rf8 h4 $19) 60... Kg4 61. Rf8 h4
62. Rg8+ Kh3 63. Rg1 Re4 $1 (63... Kh2 64. Rg4 h3 $2 65. Rg8 Kh1 66. Rg3 h2 67.
Rg8 Rf7 68. Kxe3 Rf1 69. Rh8 $1 $10 (69. Ke2 $2 Rg1 70. Rh8 Kg2 $19) 69... Kg2
70. Rg8+) 64. Kf3 (64. Rg8 Rg4 $19) 64... Kh2 65. Rg2+ Kh1 66. Re2 Re8 67. Kg4
Kg1 68. Kf3 Rg8 $1 (68... h3 $2 {Dautov} 69. Re1+ Kh2 70. Re2+ $10) 69. Re1+
Kh2 70. Re2+ Kh1 71. Kf4 Rg3 72. Rb2 Kg1 73. Ra2 Kf1 0-1

[Event "Linares 08th"]
[Site "Linares"]
[Date "1990.??.??"]
[Round "10"]
[White "Gelfand, Boris"]
[Black "Ljubojevic, Ljubomir"]
[Result "1-0"]
[WhiteElo "2615"]
[BlackElo "2625"]
[Annotator "Gelfand,B"]
[PlyCount "135"]
[EventDate "1990.02.??"]
[EventType "tourn"]
[EventRounds "11"]
[EventCountry "ESP"]
[EventCategory "16"]
[SourceTitle "CBM 017"]
[Source "ChessBase"]
[SourceDate "1990.08.01"]
[SourceVersion "1"]
[SourceVersionDate "1990.08.01"]
[SourceQuality "1"]

1. d4 {Ftacnik} Nf6 2. c4 e6 3. Nc3 Bb4 4. Qc2 O-O 5. a3 Bxc3+ 6. Qxc3 b6 7.
Bg5 Bb7 8. f3 (8. Nh3 $5 h6 9. Bh4 d6 $1 10. f3 Nbd7 11. e4 c5 12. dxc5 bxc5
13. Bd3 d5 14. exd5 exd5 $10 {Gelfand,B-Browne,W/Dortmund/1990/1-0}) 8... Nc6 (
8... h6 9. Bh4 d5 10. e3 Nbd7 11. Nh3 (11. cxd5 $10 Nxd5 $1 $10) 11... c5 12.
cxd5 exd5 {12...Nxd5 !?} 13. Bd3 $5 g5 14. Bg3 cxd4 15. Qxd4 Nc5 16. Bc2 Rc8
$13 {Gelfand,B-King,D/Palma/1989/1-0}) 9. e3 h6 10. Bh4 d5 11. cxd5 (11. O-O-O
$5 $13) (11. O-O-O $5 $13 {Ftacnik}) 11... Nxd5 12. Bxd8 Nxc3 13. Bh4 Nd5 14.
Bf2 f5 15. Rc1 f4 16. e4 Ne3 17. Ne2 Nxf1 (17... e5 $2 18. d5 Nd4 19. Nxd4 exd4
20. Kd2 Rac8 21. Bb5 $16) 18. Rxf1 (18. Kxf1 $5) (18. Kxf1 $5 {Ftacnik}) 18...
Rad8 19. h4 (19. b4 Rd7 20. Rc3 $14) 19... Rd7 20. h5 e5 $1 21. d5 Ne7 (21...
Nb8 $5 $10) (21... Nb8 $5 $10 {Ftacnik}) 22. Bh4 g5 23. hxg6 Nxg6 24. Rh1 Kg7
25. Bf2 $6 (25. Rc3 $5 {/\ 26.Nc1-d3 +/=}) (25. Rc3 $5 {Ftacnik /\ 26.Nc1-d3 +/
=}) 25... Rf6 26. Bh4 Rfd6 (26... Nxh4 27. Rxh4 c6 28. dxc6 Rxc6 29. Rh5 $1 $14
) 27. g3 c6 28. gxf4 cxd5 29. f5 dxe4 $2 (29... Nxh4 30. Rxh4 dxe4 31. fxe4 Ba6
32. Nc3 Rd2 33. Nd5 Re2+ 34. Kd1 Rxb2 35. Rc6 h5 $1 $13) 30. Rg1 $1 exf3 31.
Nc3 Kf7 32. Rxg6 Rxg6 33. fxg6+ Kxg6 34. Nd1 $1 Kf5 35. Bg3 h5 36. Rc4 e4 37.
Ne3+ Kg5 38. Rc7 Rxc7 39. Bxc7 b5 40. Kf2 a6 41. Kg3 h4+ 42. Kf2 Bc6 43. Kf1
Kg6 (43... Bd7 $5 {/\ ...h4-h3, ...Be6 +/-}) (43... Bd7 $5 {Ftacnik /\ ...
h4-h3, ...Be6 +/-}) 44. Ke1 Kg5 45. Kf2 Kh5 46. Bd8 Bb7 47. Bb6 Bc6 48. Bc7 Kg5
49. b3 Kh5 50. Ba5 Kg5 51. Bd8+ Kh5 52. Bc7 Kg5 53. b4 Bb7 54. Nd1 Bc6 55. Ke3
Bb7 56. Nf2 Bc6 57. Ba5 Bb7 58. Bb6 Bc6 59. Ba5 Bb7 60. Bc7 Bc6 61. Bd8+ Kh5
62. Kf4 Bb7 63. Bb6 $1 (63. Ng4 $6 e3 $5 64. Nxe3 $2 (64. Nf6+ Kg6 65. Kxe3 Kf5
66. Nd7 $18) 64... f2 $10) 63... Bc6 64. Nh3 Bd7 65. Ng5 f2 (65... Bc6 66. Bg1
Bb7 67. Nxe4 Bxe4 68. Kxe4 Kg4 69. Ke3 Kg3 70. Bf2+ Kg4 71. Bxh4 Kxh4 72. Kxf3
$18) 66. Bxf2 h3 67. Bg1 e3 68. Ne4 $1 1-0

[Event "EU-Cup 14th final"]
[Site "Belgrade"]
[Date "1999.01.12"]
[Round "2"]
[White "Gelfand, Boris"]
[Black "Epishin, Vladimir"]
[Result "1-0"]
[WhiteElo "2675"]
[BlackElo "2585"]
[Annotator "Gelfand,B"]
[PlyCount "67"]
[EventDate "1999.01.11"]
[EventType "team-k.o."]
[EventRounds "3"]
[EventCountry "YUG"]
[SourceTitle "EXT 2020"]
[Source "ChessBase"]
[SourceDate "2019.10.17"]
[SourceVersion "1"]
[SourceVersionDate "2019.10.17"]
[SourceQuality "1"]
[WhiteTeam "Zemun Agrouniverzal"]
[BlackTeam "St Petersburg"]
[WhiteTeamCountry "SRB"]
[BlackTeamCountry "RUS"]

1. d4 Nf6 2. c4 e6 3. Nc3 Bb4 4. Qc2 O-O 5. a3 Bxc3+ 6. Qxc3 b6 7. Bg5 Bb7 8.
f3 c5 9. dxc5 bxc5 10. e3 Nc6 $6 {an inaccurate move order.Strangely enough it
was adopted in a lot of games,but in very few of them White made use of it} (
10... h6 $142 11. Bh4 Nc6) 11. O-O-O $1 {Now it is difficult to get rid of
unpleasant pin on h4-d8 diagonal,as after h6 White Would take on f6
immidiately and have at least 1 tempo more,compared to theoretical position.
Funny enough I analyzed this idea in 1989 together with IM L.Basin,but had to
wait almost 10 years to give it a try.} Rb8 {Maybe it is not the best solution,
but Black are setting nice trap} (11... Ne4 12. fxe4 Qxg5 13. Rxd7 Rab8 14. Nf3
Qg4 15. Bd3 {This is point of White`s idea} e5 16. Rd5 Qxg2 17. Rf1 Rbd8 18.
Rxc5 f5 19. exf5 e4 20. Ne1 Qxh2 21. Bc2 {1-0 Granda Zuniga,Julio E-Adla,Diego/
Santa Cruz de la Palma op ;EXT 97 1995 (24)}) (11... Rc8 12. Nh3 (12. Bxf6 gxf6
13. Kb1 d5 14. cxd5 Ne7 15. e4 exd5 16. Qxf6 Rc6 17. Qg5+ Rg6 18. Qh4 Qd7 19.
Ne2 Rb6 20. Qg4+ Qxg4 21. fxg4 d4 {0-1 Campos Luis Maria-Rodriguez Andres,
Buenos Aires 1993 (34)}) 12... d5 13. Qc2 h6 14. Bh4 {in fact h6 Bh4 moves
were inserted earlier in this game} Qe7 15. Nf2 Ne5 16. Bg3 Nfd7 17. e4 f5 18.
exf5 exf5 19. Nh3 d4 20. Nf4 Qf7 21. h4 a5 22. a4 Rc6 23. b3 Rb6 24. Bd3 {
1-0 Sakaev Konstantin-Rodriguez Andres,W-ch-jun,Guarapuava 1991 (35)}) 12. Nh3
Na5 13. Bxf6 $1 (13. Nf4 {looks winning,but} Nb3+ $3 14. Qxb3 (14. Kb1 Ne4) (
14. Kc2 Ne4) 14... Bxf3 {Now White can get Rook and 2 pieces for a Queen or 2
pieces for a Rook,but in both cases Black has exellent counterchances.} 15.
Qxb8 (15. Qc2 Bxd1 16. Qxd1 h6 17. Bxf6 Qxf6 {~}) 15... Qxb8 16. gxf3 Qe5 17.
Nh3 Rb8 18. Rd2 Rb3 19. Bd3 d5 {~}) (13. Nf2 Bc6 14. Bxf6 Qxf6) 13... gxf6 14.
Nf4 {This a refutation. Now I don`t see an acceptable defence for Black} e5 (
14... f5 15. Rg1) (14... Bc6 15. Nh5 e5 16. Rd6 (16. Qe1 Kh8 17. Qh4)) (14...
d5 15. Nh5 d4 16. Qe1 Kh8 17. Qh4 Rg8 18. Nxf6 Rg7 19. Bd3 {+-}) 15. Nh5 Qb6 (
15... d6 16. Qe1) 16. Nxf6+ Qxf6 17. Qxa5 {White won a pawn,but still need
good technique to convert it into a victory.} d6 (17... e4 18. Qxc5 exf3 19.
Qd4) (17... Rfc8 $5) 18. Qc3 Qh6 19. Rd2 Bc8 $6 (19... Bc6 20. Bd3 Ba4 21. Bc2
{+/-}) 20. Bd3 f5 21. Bc2 Rb6 22. b4 $1 {the most direct decision.After the
pawn construction in center will be broken,Black`s King would would be in
bigger danger than White`s one.However White had a pleasant choice} (22. Rhd1
Qxh2 23. Rxd6 Rxd6 24. Rxd6 Qxg2 25. Qxe5) (22. g3 Bb7 23. Rf1) 22... cxb4 23.
axb4 Be6 24. Rhd1 {The rest doesn`t require big explanations} (24. c5 $5) 24...
Qxh2 25. Rxd6 Qxg2 26. c5 Rxd6 27. Rxd6 Bf7 28. Rd1 (28. c6 $5) 28... Re8 29.
Bxf5 Qxf3 30. Bd7 Re7 31. c6 Be8 32. c7 Bxd7 (32... Rxd7 33. Rg1+) 33. Rxd7
Qf1+ 34. Rd1 1-0